000 00498cam a2200181ua 4500
001 2922
008 110916n ii |||gr||||Z||||||asm
040 _cMAIN
082 _a920
100 1 _aChoudhury, Chitta Ranjan,
_eAuthor.
245 1 1 _aBanikanta kakati jivan aru pratibha
_cby Chitta Ranjan Choudhury
250 _a1st.
260 _aGuahati:
_bBina Library,994.
300 _a175p:
_c23cm.
653 _aBiograpgy
653 _aBiography of Banikanta kakati jivan aru pratibha
942 _cBK
999 _c2770
_d2770